[Event "TUR-chT"]
[Site "Kocaeli"]
[Date "2014.08.26"]
[Round "10.4"]
[White "Gokerkan, Cem Kaan"]
[Black "Demiral, Abdulkadir"]
[Result "0-1"]
[WhiteElo "2052"]
[BlackElo "1699"]
[PlyCount "154"]
[EventDate "2014.08.18"]
[EventType "team-tourn"]
[EventRounds "13"]
[EventCountry "TUR"]
[SourceTitle "CBM 162 Extra"]
[Source "ChessBase"]
[SourceDate "2014.10.17"]
[SourceVersion "1"]
[SourceVersionDate "2014.10.17"]
[SourceQuality "1"]
[WhiteTeam "Besiktas Jimnastik"]
[BlackTeam "Aliaga Genclik"]
[WhiteTeamCountry "TUR"]
[BlackTeamCountry "TUR"]

1. e4 d5 2. exd5 Qxd5 3. Nc3 Qd8 4. d4 Nf6 5. Nf3 Bg4 6. h3 Bxf3 7. Qxf3 c6 8. Be3 e6 9. 0-0-0 Nbd7 10. Kb1 Nb6 11. g4 Nbd5 12. Bc1 Qa5 13. Nxd5 Qxd5 14. Be2 Qxf3 15. Bxf3 0-0-0 16. c4 h6 17. h4 Bb4 18. a3 Ba5 19. g5 hxg5 20. hxg5 Rxh1 21. Rxh1 Ne8 22. Rh8 Nd6 23. Rh7 Nxc4 24. b4 Bb6 25. Rxg7 Nd6 26. Bb2 Rd7 27. Bh5 Kc7 28. Rh7 Ne4 29. f4 Nd6 30. Kc2 a6 31. Kd3 Kc8 32. a4 Kc7 33. Bg4 Ba7 34. Rg7 Bb6 35. Rg8 Rd8 36. Rxd8 Kxd8 37. g6 fxg6 38. Bxe6 Ke7 39. Bb3 a5 40. Bc3 axb4 41. Bxb4 Bc7 42. a5 Kf6 43. Bd2 Kf5 44. Ke2 Ke4 45. d5 Nf5 46. Ba2 cxd5 47. Bb1+ Kd4 48. Kf3 Bd6 49. Kg4 Ne3+ 50. Kg5 Nc4 51. Bc1 Nxa5 52. Kxg6 Nb3 53. Bb2+ Ke3 54. f5 d4 55. Bc2 Nd2 56. Bc1 b5 57. f6 Ke2 58. Bf5 b4 59. f7 Nf3 60. Kf6 d3 61. Ke6 Bf8 62. Be4 Nd4+ 63. Kd5 Nb3 64. Bg5 d2 65. Bc2 Na1 66. Bxd2 Kxd2 67. Ba4 Kc3 68. Kc6 Nb3 69. Kd7 Nc5+ 70. Ke8 Bh6 71. Bd1 Kd2 72. Bf3 b3 73. Bd5 b2 74. Ba2 Kc1 75. f8Q Bxf8 76. Kxf8 Na4 77. Be6 b1Q 0-1

[Event "TUR-chT"]
[Site "Kocaeli"]
[Date "2014.08.23"]
[Round "7.1"]
[White "Dincer, Tutku"]
[Black "Demiral, Abdulkadir"]
[Result "1/2-1/2"]
[WhiteElo "1780"]
[BlackElo "1699"]
[PlyCount "152"]
[EventDate "2014.08.18"]
[EventType "team-tourn"]
[EventRounds "13"]
[EventCountry "TUR"]
[SourceTitle "CBM 162 Extra"]
[Source "ChessBase"]
[SourceDate "2014.10.17"]
[SourceVersion "1"]
[SourceVersionDate "2014.10.17"]
[SourceQuality "1"]
[WhiteTeam "Mersin Ezgi"]
[BlackTeam "Aliaga Genclik"]
[WhiteTeamCountry "TUR"]
[BlackTeamCountry "TUR"]

1. e4 c6 2. d4 g6 3. f4 Bg7 4. Nf3 d5 5. e5 b6 6. Bd3 e6 7. b3 a5 8. a4 Na6 9. c3 Nc7 10. Ba3 Bf8 11. Bxf8 Kxf8 12. Na3 Ba6 13. Qe2 Bxd3 14. Qxd3 Ne7 15. Nc2 c5 16. Ne3 h5 17. h3 Nf5 18. Nxf5 exf5 19. Ng5 Ne6 20. Nxe6+ fxe6 21. h4 Rc8 22. Kd2 Rh7 23. g3 Rhc7 24. Rhc1 Rc6 25. Ra2 Qd7 26. Qb5 Qc7 27. Qd3 Qd7 28. Qb5 Qb7 29. Rac2 Qc7 30. Kd3 cxd4 31. Kxd4 Rc5 32. Qe2 b5 33. axb5 Qb6 34. Kd3 Qxb5+ 35. Kd2 Qxb3 36. Qa6 d4 37. Qd6+ Kg8 38. Rb1 dxc3+ 39. Ke3 Qc4 40. Qd3 Qa4 41. Rbc1 Rd5 42. Qa6 Qe4+ 43. Kf2 Re8 44. Qe2 Qxe2+ 45. Kxe2 Red8 46. Rxc3 Rd2+ 47. Ke3 a4 48. Rc8 R2d3+ 49. Ke2 R3d4 50. Ke3 R4d5 51. Rxd8+ Rxd8 52. Ra1 Ra8 53. Kd4 a3 54. Kc3 Kf7 55. Kb3 Rb8+ 56. Kxa3 Rd8 57. Kb4 Rd3 58. Ra3 Rd4+ 59. Kc5 Rd5+ 60. Kc4 Rd1 61. Rd3 Rc1+ 62. Rc3 Rd1 63. Kc5 Ke7 64. Kc4 Ke8 65. Rd3 Rc1+ 66. Kb5 Ke7 67. Kb4 Rb1+ 68. Kc4 Rc1+ 69. Rc3 Rd1 70. Kc5 Rd8 71. Kb6 Rb8+ 72. Kc7 Rb2 73. Kc8 Rg2 74. Rc7+ Ke8 75. Rc3 Ke7 76. Kc7 Rg1 1/2-1/2

[Event "TUR-chT"]
[Site "Kocaeli"]
[Date "2014.08.22"]
[Round "6.6"]
[White "Ertan, Can"]
[Black "Demiral, Abdulkadir"]
[Result "1-0"]
[WhiteElo "2246"]
[BlackElo "1699"]
[PlyCount "87"]
[EventDate "2014.08.18"]
[EventType "team-tourn"]
[EventRounds "13"]
[EventCountry "TUR"]
[SourceTitle "CBM 162 Extra"]
[Source "ChessBase"]
[SourceDate "2014.10.17"]
[SourceVersion "1"]
[SourceVersionDate "2014.10.17"]
[SourceQuality "1"]
[WhiteTeam "Antalya Calli"]
[BlackTeam "Aliaga Genclik"]
[WhiteTeamCountry "TUR"]
[BlackTeamCountry "TUR"]

1. e4 e6 2. d4 d5 3. Nc3 Nf6 4. Bg5 Be7 5. e5 Nfd7 6. Bxe7 Qxe7 7. f4 a6 8. Nf3 c5 9. Qd2 Nc6 10. dxc5 Qxc5 11. 0-0-0 b5 12. Ne2 Nb6 13. Ned4 Nxd4 14. Nxd4 Bd7 15. g4 0-0-0 16. Nb3 Qc7 17. Qb4 Na4 18. Bd3 Kb8 19. h4 Rc8 20. Qe7 Bc6 21. Qxc7+ Rxc7 22. Nd4 h5 23. f5 hxg4 24. fxe6 fxe6 25. Nxe6 Re7 26. Nd4 Kc7 27. e6 Nc5 28. Bf5 g6 29. Bxg6 Be8 30. h5 Bxg6 31. hxg6 Rxh1 32. Rxh1 Nxe6 33. Nxe6+ Rxe6 34. g7 Rg6 35. Rh7 Kd6 36. Rh6 Rxh6 37. g8Q Rh1+ 38. Kd2 Rh2+ 39. Kd3 Rh3+ 40. Kd4 Rf3 41. Qxd5+ Kc7 42. Qe5+ Kb7 43. Qg7+ Kb6 44. Qg6+ 1-0